000 00499nam a2200181Ia 4500
005 20250326125849.0
008 250326s9999 xx 000 0 und d
037 _aTextbook
040 _aFMSL
_beng
_cFMSL
041 _aeng
_2eng
084 _aX3:74 N4
_qFMSL
100 _aSagasia K
_9739827
245 0 _aEffective business communication
_cSagasia K
260 _aAllahabad
_bAllahabad, Kitab Mahal
_c1964
300 _a408p
942 _cTB
_hX3:74 N4
999 _c1279922
_d1279922